| 000 | 00413nam a2200181 4500 | ||
|---|---|---|---|
| 005 | 20260216113053.0 | ||
| 008 | CU66 | ||
| 020 | _a9780071287692 | ||
| 050 | _aHF 5549.B937 BYA | ||
| 100 | _aBYARS,LLOYD L. | ||
| 245 | _aHUMAN RESOURCE MANAGEMENT | ||
| 250 | _a9TH | ||
| 260 |
_aBOSTON _bMcGRAW HILL _c2008 |
||
| 300 | _aXIII,415p. | ||
| 500 | _aGLOSSARY,INDEX | ||
| 700 | _aRUE,LESLIE W. | ||
| 942 |
_2lcc _cBK _n0 |
||
| 999 |
_c8717 _d8717 |
||